000 00994nam a2200301 4500
003 OSt
005 20260530115303.0
008 260508b2007 fr ||||| |||| 00| 0 eng d
040 _aICI
_bSPA
_cICI
041 _aENG
050 _aNK7112.C47 A4
100 1 _aCatálogo Christofle
_931478
245 1 0 _aChristofle
_cphotographies, Stéphane Garrigues, Thomas Dhellemmes.
264 1 _aFrance :
_bChristofle,
_c2007.
300 _a40 páginas
_bfotografías a color
336 _atexto
_2rdacontent
337 _asin medio
_2rdamedia
338 _avolumen
_2rdacarrier
610 _aChristofle (Firma comercial)
_931479
650 _aOrfebrería francesa.
_931480
650 _aPlatería$zFrancia.
_931481
650 _aArtes decorativas francesas.
_931482
650 _aDiseño de objetos.
_931483
650 _aFotografía artística francesa.
_931484
700 _aGarrigues, Stéphane,
_efotógrafo.
_931485
700 _aDhellemmes, Thomas,
_efotógrafo.
_931486
942 _2lcc
_cBK
_n1
999 _c12940
_d12940